Modern power systems (Record no. 10986)

000 -LEADER
fixed length control field 00577nam a2200205 4500
001 - CONTROL NUMBER
control field 10986
003 - CONTROL NUMBER IDENTIFIER
control field BD-DhUET
008 - FIXED-LENGTH DATA ELEMENTS--GENERAL INFORMATION
fixed length control field 710617s1971 paua 001 0 eng
020 ## - INTERNATIONAL STANDARD BOOK NUMBER
International Standard Book Number 0700222898
040 ## - CATALOGING SOURCE
Original cataloging agency DLC
Transcribing agency DLC
Modifying agency BD-DhUET
082 00 - DEWEY DECIMAL CLASSIFICATION NUMBER
Classification number 623.191
Item number NEU/1971
100 1# - MAIN ENTRY--PERSONAL NAME
Personal name Neuenswander, John R.
245 10 - TITLE STATEMENT
Title Modern power systems
250 ## - EDITION STATEMENT
Edition statement 1st ed.
260 ## - PUBLICATION, DISTRIBUTION, ETC. (IMPRINT)
Place of publication, distribution, etc. New York
Name of publisher, distributor, etc. International Textbook
Date of publication, distribution, etc. 1971
300 ## - PHYSICAL DESCRIPTION
Extent xii, 411 p.
Other physical details illus.
Dimensions 24 cm.
490 0# - SERIES STATEMENT
Series statement The International series in electrical engineering
650 #0 - SUBJECT ADDED ENTRY--TOPICAL TERM
Topical term or geographic name as entry element Transmission Electrical power
942 ## - ADDED ENTRY ELEMENTS (KOHA)
Koha item type General Book
Holdings
Not for loan Piece designation (barcode) Koha item type Sublocation or collection (holding branch) Koha date last seen Copy number Damaged status Price effective from Koha normalized classification for sorting Withdrawn status Lost status Date acquired Location (home branch) Source of classification or shelving scheme Shelving location Koha full call number
 49566General BookCentral Library, BUET2015-02-121 2015-02-12623_191000000000000_NEU_1971  2015-02-12Central Library, BUET Circulation section623.191/NEU/1971
 49305General BookCentral Library, BUET2015-02-122 2015-02-12623_191000000000000_NEU_1971  2015-02-12Central Library, BUET Circulation section623.191/NEU/1971
 49567General BookCentral Library, BUET2015-02-123 2015-02-12623_191000000000000_NEU_1971  2015-02-12Central Library, BUET Circulation section623.191/NEU/1971
 49569General BookCentral Library, BUET2015-02-124 2015-02-12623_191000000000000_NEU_1971  2015-02-12Central Library, BUET Circulation section623.191/NEU/1971
 42088General BookCentral Library, BUET2015-02-265 2015-02-26623_191000000000000_NEU_1971  2015-02-26Central Library, BUET Circulation section623.191/NEU/1971
 42089General BookCentral Library, BUET2015-02-266 2015-02-26623_191000000000000_NEU_1971  2015-02-26Central Library, BUET Circulation section623.191/NEU/1971
 49568General BookCentral Library, BUET2015-06-037 2015-06-03623_191000000000000_NEU_1971  2015-06-03Central Library, BUET Circulation section623.191/NEU/1971